[Event "Portugal Open 2019"]
[Site "Lisbon"]
[Date "2019.02.02"]
[Round "1.17"]
[White "Terrieux, Kevin"]
[Black "Taranin, Konstantin"]
[Result "1-0"]
[WhiteElo "2459"]
[BlackElo "1976"]
[Annotator "RC"]
[PlyCount "75"]
[EventDate "2019.01.25"]
[EventType "swiss"]
[EventCountry "POR"]
[SourceTitle "playchess.com"]
[Source "ChessBase"]
[SourceQuality "1"]
[TimeControl "5400+30"]

1. d4 {[%emt 0:00:00]} Nf6 {[%emt 0:00:00]} 2. c4 {[%emt 0:00:03]} g6 {[%emt 0:00:00]} 3. Nc3 {[%emt 0:00:18]} Bg7 {[%emt 0:00:00]} 4. e4 {[%emt 0:00:06]} O-O {[%emt 0:00:00]} 5. Nge2 {[%emt 0:00:06]} d6 {[%emt 0:00:07]} 6. Ng3 {[%emt 0:00:08]} Nc6 {[%emt 0:02:25]} 7. d5 {[%emt 0:02:11]} Ne5 {[%emt 0:02:44]} 8. Be2 {[%emt 0:07:13]} b6 {[%emt 0:03:17]} 9. Be3 {[%emt 0:07:28]} Ba6 {[%emt 0:05:42]} 10. b3 {[%emt 0:00:16]} Rc8 {[%emt 0:07:23]} 11. Rc1 {[%emt 0:02:07]} c6 {[%emt 0:03:22]} 12. h3 {[%emt 0:01:39]} cxd5 {[%emt 0:12:47]} 13. exd5 {[%emt 0:03:56]} b5 {[%emt 0:02:29]} 14. cxb5 {[%emt 0:02:26]} Qa5 {[%emt 0:04:48]} 15. O-O {[%emt 0:17:21]} Bb7 {[%emt 0:04:04]} 16. Qd4 {[%emt 0:01:22]} Nxd5 {[%emt 0:03:39]} 17. Nxd5 {[%emt 0:00:42]} Rxc1 {[%emt 0:05:00]} 18. Nxe7+ {[%emt 0:03:43]} Kh8 {[%emt 0:00:05]} 19. Rxc1 {[%emt 0:00:05]} Nf3+ {[%emt 0:01:55]} 20. Bxf3 {[%emt 0:00:08]} Bxd4 {[%emt 0:00:06]} 21. Bxd4+ {[%emt 0:00:05]} f6 {[%emt 0:00:10]} 22. Bxb7 {[%emt 0:00:17]} Qd2 {[%emt 0:05:45]} 23. Be3 {[%emt 0:01:12]} Qxa2 {[%emt 0:00:16]} 24. Bd5 {[%emt 0:01:24]} Qa5 {[%emt 0:05:12]} 25. Bc4 {[%emt 0:00:29]} Re8 {[%emt 0:11:26]} 26. Nd5 {[%emt 0:00:08]} Qa3 {[%emt 0:05:15]} 27. Rd1 {[%emt 0:00:08]} Rxe3 {[%emt 0:03:29]} 28. Nxe3 {[%emt 0:00:51]} f5 {[%emt 0:00:54]} 29. Ne2 {[%emt 0:00:18]} Kg7 {[%emt 0:02:10]} 30. Nd4 {[%emt 0:00:53]} h6 {[%emt 0:04:17]} 31. g3 {[%emt 0:00:56]} Qb4 {[%emt 0:02:28]} 32. Nc6 {[%emt 0:00:57]} Qa3 {[%emt 0:00:27]} 33. Nd8 {[%emt 0:00:15]} Kf6 {[%emt 0:01:27]} 34. Nd5+ {[%emt 0:00:32]} Kg7 {[%emt 0:01:02]} 35. Re1 {[%emt 0:00:40]} Qa5 {[%emt 0:01:37]} 36. Re7+ {[%emt 0:00:06]} Kg8 {[%emt 0:01:10]} 37. Nf6+ {[%emt 0:00:10]} Kf8 {[%emt 0:00:30]} 38. Rf7# {[%emt 0:00:06]} 1-0

[Event "Portugal Open 2019"]
[Site "Lisbon"]
[Date "2019.02.02"]
[Round "1.18"]
[White "Pipiras, Filipa Fortuna"]
[Black "Butkiewicz, Lukasz"]
[Result "0-1"]
[WhiteElo "1964"]
[BlackElo "2445"]
[Annotator "TA"]
[PlyCount "106"]
[EventDate "2019.01.25"]
[EventType "swiss"]
[EventCountry "POR"]
[SourceTitle "playchess.com"]
[Source "ChessBase"]
[SourceQuality "1"]

{[%evp 9,105,20,40,33,37,48,34,39,51,12,20,0,-4,-14,-11,-12,-12,-19,-13,-26,-22,-35,0,-25,0,-4,0,-8,0,-8,-3,-18,-8,-7,0,-20,-3,-10,-8,-26,-33,-203,-192,-175,-197,-243,-192,-159,-65,-106,-54,-86,-94,-114,-83,-107,-105,-264,-266,-261,-258,-275,-222,-241,-193,-174,-189,-195,-197,-205,-203,-249,-238,-247,-254,-521,-547,-502,-448,-531,-538,-535,-525,-515,-518,-495,-448,-1518,-1378,-1452,-1362,-1404,-1309,-1008,-877,-6083,-5959,-29999]} 1. d4 Nf6 2. c4 ({Predecessor:} 2. Nf3 e6 {0-1 (22) Huhs,S (2092)-Schnepp,G (2308) Schwarzach 2012}) 2... e6 3. Nf3 c5 4. d5 b5 5. e3 $146 (5. Bg5 b4 6. e4 d6 7. Bd3 Be7 8. a3 O-O 9. axb4 cxb4 10. O-O a5 11. dxe6 Bxe6 12. Nd4 Qc8 13. Nd2 h6 {½-½ (25) Mareco,S (2644)-Delgado Ramirez,N (2611) Ponta Grossa 2017}) 5... exd5 6. cxd5 {E10: Blumenfeld Gambit} Bb7 7. Bxb5 {Nc3 is the strong threat.} Nxd5 {aiming for ...Qa5+.} 8. O-O {White is slightly better.} Be7 9. Bd2 ({Predecessor:} 9. Nc3 Nxc3 10. bxc3 O-O 11. Qe2 Qa5 12. Bd2 Bf6 {0-1 (22) Huhs,S (2092)-Schnepp,G (2308) Schwarzach 2012}) 9... O-O 10. Nc3 Nf6 11. Qe2 d5 12. Rfd1 a6 13. Ba4 Nbd7 14. Be1 Nb6 15. Bc2 Qc7 16. Rac1 Rfe8 17. Na4 Nxa4 18. Bxa4 Red8 19. Bc3 Ne4 20. Be5 Qb6 21. Nd2 Nf6 22. Nf3 Rac8 23. Bc2 Qe6 24. Bb3 Ne4 25. Bf4 $2 (25. Bc2 $15) 25... g5 $1 $19 {[%cal Rg5f4]} 26. Bg3 h5 27. h3 Nxg3 28. fxg3 Bf6 (28... g4 $17 29. hxg4 hxg4) 29. Qf2 Qe7 (29... g4 $17 30. hxg4 hxg4) 30. Re1 Rd6 31. Rb1 Re6 32. Rbd1 Rd8 33. Re2 $2 (33. h4 $17 {is a better defense.}) 33... c4 $1 {[%cal Rc4b3]} 34. Bc2 {[#]} d4 $1 {[%cal Rd4d3][%mdl 512]} 35. Bf5 (35. exd4 Rxe2) 35... Rxe3 36. Rxe3 Qxe3 37. Qxe3 dxe3 38. Rxd8+ Bxd8 {[%mdl 4096] Endgame KBB-KBN} 39. Kf1 {[#]} Kg7 $1 40. Ke2 {[#]} Kf6 $1 {[%cal Rf6f5]} 41. Bd7 Bb6 42. h4 $2 (42. g4 hxg4 43. Bxg4) 42... g4 43. Ne1 Ke5 44. Be8 Be4 45. Bxf7 Kd4 {( -> ...Bd3+)} 46. Kd1 Bd3 47. Nc2+ Ke5 48. Nb4 (48. Bxh5 $142 e2+ 49. Kd2 Ba5+ 50. Ke3) 48... e2+ 49. Ke1 Bg1 50. Nc2 Bh2 51. Kd2 Bxg3 52. Ne1 Kd4 {[%cal Rg3f4]} 53. Bxh5 Bf4# {Accuracy: White = 29%, Black = 75%.} 0-1

[Event "Portugal Open 2019"]
[Site "Lisbon"]
[Date "2019.02.02"]
[Round "1.19"]
[White "Yankelevich, Lev"]
[Black "Archambault, Serge"]
[Result "1-0"]
[WhiteElo "2445"]
[BlackElo "1959"]
[Annotator "TA"]
[PlyCount "31"]
[EventDate "2019.01.25"]
[EventType "swiss"]
[EventCountry "POR"]
[SourceTitle "playchess.com"]
[Source "ChessBase"]
[SourceQuality "1"]

{[%evp 9,31,33,72,67,90,71,77,65,125,127,189,189,220,178,213,190,275,266,271,264,345,342,29997,89]} 1. d4 $146 (1. e4 e6 {1-0 (27) Colovic,A (2443)-Reimanis,R (2264) chess.com INT 2017}) ({Predecessor:} 1. e4 c6 2. d4 d5 3. Nd2 {1-0 (55) Mayank,C (1691)-Shravan,S (1488) Mumbai 2019}) 1... e6 2. e4 d5 3. Nd2 c6 4. Ngf3 Nf6 (4... f5 5. exf5 exf5 6. Bd3 Nf6 7. O-O Bd6 8. Re1+ Ne4 9. Bxe4 fxe4 10. Nxe4 dxe4 11. Rxe4+ Kd7 {1-0 (27) Colovic,A (2443)-Reimanis,R (2264) chess.com INT 2017}) 5. Bd3 Na6 ({Predecessor:} 5... Be7 6. c3 dxe4 7. Nxe4 Nbd7 8. O-O O-O 9. Bf4 Nxe4 10. Bxe4 Nf6 11. Bc2 b6 {1-0 (55) Mayank,C (1691)-Shravan,S (1488) Mumbai 2019}) 6. c3 {B12: Caro-Kann: Advance Variation} Be7 7. e5 Nd7 8. Nf1 {White is better.} Nf8 (8... c5 $14) 9. Ng3 $16 g6 (9... Nd7 $16 {is a better defense.}) 10. Bh6 $18 Bd7 11. h4 Rg8 12. Ng5 $40 {[%mdl 128] White has strong attack.} Bxg5 (12... Qb6 $142 13. b4 Qd8) 13. Bxg5 ({Don't play} 13. hxg5 $6 c5 $16) 13... Qb6 14. b4 Nc7 15. Qf3 {[#] Threatening mate with Qf6.} a5 $2 (15... h6 $18) 16. Qd1 $2 {Accuracy: White = 43%, Black = 21%.} (16. Qf6 {mates} Qc5 17. bxc5 h5 18. Qe7#) 1-0

[Event "Portugal Open 2019"]
[Site "Lisbon"]
[Date "2019.02.02"]
[Round "1.20"]
[White "Roque, Armando Filipe"]
[Black "Damaso, Rui"]
[Result "0-1"]
[WhiteElo "1946"]
[BlackElo "2439"]
[Annotator "RC"]
[PlyCount "148"]
[EventDate "2019.01.25"]
[EventType "swiss"]
[EventCountry "POR"]
[SourceTitle "playchess.com"]
[Source "ChessBase"]
[SourceQuality "1"]
[TimeControl "5400+30"]

1. d4 Nf6 2. c4 g6 3. Nc3 Bg7 4. e4 O-O 5. Be2 c5 6. d5 b5 7. cxb5 a6 8. a4 axb5 9. Bxb5 e6 10. Be3 exd5 11. exd5 d6 12. h3 Na6 13. Nf3 Nc7 14. O-O Nxb5 15. axb5 Bb7 16. Qd2 Qd7 17. Rad1 Rfe8 18. Qd3 Nh5 19. Rfe1 f5 20. Ng5 Bf6 21. Ne6 Ng7 22. Nxg7 Kxg7 23. Qd2 Kf7 24. Bf4 Bd4 25. Rxe8 Rxe8 26. Re1 Rxe1+ 27. Qxe1 Bf6 28. Qd2 Qd8 29. Qe2 Bc8 30. Qc2 Qe7 31. Qe2 Qd8 32. Qc4 g5 33. Bd2 Qa5 34. Kh2 Qa1 35. Qe2 Qxb2 36. Nd1 Qe5+ 37. Qxe5 Bxe5+ 38. g3 Kf6 39. f4 gxf4 40. gxf4 Bd4 41. Nc3 Ke7 42. Kg2 c4 43. Ne2 Bb6 44. Bb4 Bb7 45. Nc3 Be3 46. Kf3 Bd2 47. Kg3 Be1+ 48. Kf3 Kd7 49. Ke2 Bg3 50. Kf3 Bh4 51. Ba5 Bf6 52. Ke3 Bg7 53. Bb4 Bc8 54. Ba5 Bf6 55. Ne2 Bb7 56. Nc3 Ba8 57. Bb4 Kc7 58. Ba5+ Kb8 59. Bb4 Ka7 60. Ba5 Bb7 61. Kd2 Kb8 62. Bb6 Bc8 63. Be3 Bd7 64. Kc2 Be8 65. Kd2 Bh5 66. Bf2 Bf3 67. h4 Kb7 68. Kc2 Bd8 69. Kd2 Ba5 70. Kc2 Bb6 71. Be1 Bd4 72. Kd2 Kb6 73. Bg3 Kc5 74. Kc2 Bxd5 0-1

[Event "Portugal Open 2019"]
[Site "Lisbon"]
[Date "2019.02.02"]
[Round "1.21"]
[White "Srinath, Rao S.V."]
[Black "Barbier, Astrid"]
[Result "1-0"]
[WhiteElo "2437"]
[BlackElo "1945"]
[Annotator "TA"]
[PlyCount "107"]
[EventDate "2019.01.25"]
[EventType "swiss"]
[EventCountry "POR"]
[SourceTitle "playchess.com"]
[Source "ChessBase"]
[SourceQuality "1"]

{[%evp 9,107,42,27,33,37,35,44,38,68,37,38,39,91,70,105,100,113,114,118,120,169,154,158,158,191,186,185,170,216,209,183,178,210,124,131,131,116,114,173,194,172,127,325,314,318,293,313,117,276,163,164,76,134,131,114,114,124,110,246,232,287,318,310,314,269,289,527,275,274,269,269,252,282,264,527,520,518,503,557,516,452,447,553,605,2006,2017,1733,1723,1507,1549,1017,857,1380,1181,1449,1289,2317,1237,1180,1137]} 1. e4 $146 (1. d4 g6 2. e4 Bg7 3. c4 c6 4. Nc3 d5 5. cxd5 cxd5 {0-1 (49) Rodshtein,M (2699)-Kuzmicz,K (2460) Katowice 2017}) ({Predecessor:} 1. d4 g6 2. e4 c5 {1-0 (30) Koenig,F (2037)-Di Candia,R (1874) Berlin 2016}) 1... c5 2. c3 g6 3. d4 cxd4 4. cxd4 d5 5. e5 Bg7 6. Nc3 {B22: Sicilian: 2 c3} Nh6 (6... Nc6 7. f4 Nh6 8. Be2 O-O 9. Nf3 Bg4 10. Be3 e6 11. O-O Bxf3 12. Bxf3 f6 13. exf6 Qxf6 14. g4 Nf7 {0-1 (49) Rodshtein,M (2699)-Kuzmicz,K (2460) Katowice 2017}) ({Predecessor:} 6... Nc6 7. h3 Nh6 8. g4 {1-0 (30) Koenig,F (2037)-Di Candia,R (1874) Berlin 2016}) 7. h3 O-O 8. g4 {White is slightly better.} Nc6 9. f4 f6 10. Bg2 Be6 (10... e6 $14) 11. Nf3 Kh8 ({Predecessor:} 11... Bf7 12. Be3 Kh8 13. Qd2 f5 14. Ng5 e6 15. O-O-O {1-0 (30) Koenig,F (2037)-Di Candia,R (1874) Berlin 2016}) 12. O-O fxe5 13. fxe5 (13. Nxe5 $6 Nf7 $14) 13... Bg8 14. Be3 e6 15. Qd2 Nf7 16. h4 h6 17. Ne2 {Black must now prevent Nf4.} Bh7 18. Nf4 Qd7 19. h5 gxh5 20. Nxh5 Rg8 21. Nh2 (21. g5 $18) 21... Qe7 $16 22. Nf6 Bxf6 23. Rxf6 h5 (23... Rac8 $16 {is a better defense.} 24. Bxh6 Nxh6 25. Rxh6 Qg5) 24. Raf1 $18 (24. gxh5 $2 Be4 $17) 24... Rg7 25. Qf2 (25. gxh5 Rag8 $11) 25... Ng5 $2 (25... hxg4 $16 26. Rxf7 g3) 26. Bxg5 Rxg5 27. Rf7 Qd8 28. Qh4 $2 (28. Rxb7 $6 Rb8 $18) (28. Qe3 $18 Qg8 29. R1f6 (29. Rxb7 hxg4 30. Rff7 Rh5 $18)) 28... Qg8 $2 (28... Nxd4 $16 29. R1f6 (29. Rf8+ Qxf8 30. Rxf8+ Rxf8 $11) 29... Rg7 30. Rxg7 (30. Qxh5 Qb6 $17) 30... Kxg7) 29. Rxb7 (29. Nf3 $142 Rxg4 30. Qf6+ {[%mdl 64] Double Attack} Rg7 31. Ng5 Nxd4 32. Rxb7) 29... Rg7 30. Qf6 $40 {[%mdl 128] White is out for blood.} (30. Rxg7 $18 {and White stays clearly on top.} Qxg7 31. Rf4 (31. gxh5 Be4 $14) (31. Qxh5 Nxd4 32. Rf6 Rg8 $16)) 30... Rb8 (30... Nxd4 $142 31. Nf3 (31. gxh5 Ne2+ 32. Kh1 Ng3+ {[%mdl 64] Double Attack} 33. Kg1 Ne2+ {[%mdl 64] Discovered Attack} 34. Kh1 Ng3+ {[%mdl 64] Double Attack} 35. Kg1 Ne2+ $11) 31... Ne2+ 32. Kf2 Nf4) 31. Rxb8 $16 Nxb8 32. Rf4 Nd7 33. Qh4 Rg5 (33... Qc8 $16) 34. Kf2 hxg4 35. Nxg4 ({Don't take} 35. Rxg4 $6 Qf7+ 36. Ke3 Rg8 $18) 35... Qg6 36. Bf3 Kg7 37. Ne3 Kg8 $2 (37... Bg8 {keeps fighting.} 38. Qh1 Nb6) 38. Rg4 Rxg4 39. Qd8+ ({Don't do} 39. Qxg4 $6 Nf8 $16) 39... Nf8 40. Nxg4 ({Less strong is} 40. Bxg4 Qh6 $16) 40... Kg7 41. b4 {[%cal Bb2b4,Bb4b5][%mdl 32]} Qc2+ $2 (41... Qf7 42. Qg5+ Qg6 43. Qe7+ Qf7 44. Qg5+ Qg6) 42. Kg3 $18 {[#] White wants to mate with Qf6+.White is clearly winning.} Qg6 43. b5 Qf7 44. a4 Bd3 45. Nf6 Qg6+ 46. Bg4 Bf5 47. Qe7+ Qf7 48. Ne8+ Kg8 49. Qxf7+ Kxf7 50. Nd6+ Kg6 51. Nc8 Nd7 52. a5 Kf7 53. Nxa7 {[#] Bxf5 is the strong threat.} Bd3 54. Nc8 {Accuracy: White = 65%, Black = 30%.} 1-0

[Event "Portugal Open 2019"]
[Site "Lisbon"]
[Date "2019.02.02"]
[Round "1.22"]
[White "Ladisic, Alex-Sacha"]
[Black "Korley, Kassa"]
[Result "0-1"]
[WhiteElo "1934"]
[BlackElo "2426"]
[Annotator "TA"]
[PlyCount "77"]
[EventDate "2019.01.25"]
[EventType "swiss"]
[EventCountry "POR"]
[SourceTitle "playchess.com"]
[Source "ChessBase"]
[SourceQuality "1"]

{[%evp 11,77,22,45,45,43,40,62,30,23,24,70,-14,-2,-1,0,-35,-35,-47,-29,-28,-24,-40,-14,-48,-56,-36,-67,-75,-83,-58,-59,-102,-91,-84,-64,-65,-53,-66,-61,-59,-27,-104,-87,-93,-115,-108,-86,-195,-153,-152,-83,-460,-460,-506,-506,-497,-488,-484,-453,-447,-435,-378,-374,-29973,-5277,-5285,-5285,-4982]} 1. e4 c6 2. d4 d5 3. e5 Bf5 4. Nf3 e6 5. Be2 Nd7 6. O-O Bg6 7. a4 {B12: Caro-Kann: Advance Variation} (7. Nbd2 Nh6 8. Nb3 Nf5 9. Bd2 Rc8 10. Rc1 Be7 11. Kh1 O-O 12. g4 Nh6 13. h3 c5 14. c4 Be4 {0-1 (42) Navara,D (2736)-Artemiev,V (2709) Skopje 2018}) 7... Rc8 8. a5 a6 9. Bd2 $146 {White is slightly better.} ({Predecessor:} 9. c4 Be7 10. Nc3 Nh6 11. h3 Nf5 12. g4 Nh4 13. Nxh4 Bxh4 14. f4 f5 {0-1 (38) Easwaralingam,A (1991)-Murtuzov,R (2154) Svendborg 2018}) 9... c5 10. c3 Nh6 11. dxc5 ({White should play} 11. c4 $14) 11... Bxc5 $11 12. b4 $1 {[%cal Rb4c5]} Be7 13. b5 axb5 14. Na3 O-O 15. Nxb5 Nc5 16. Nfd4 Nf5 17. f4 Ne4 18. g4 Nxd4 19. Nxd4 Nxd2 ({Of course not} 19... Nxc3 $6 20. Bxc3 Rxc3 21. f5 $14) 20. Qxd2 Be4 21. a6 bxa6 22. Bxa6 Rb8 23. Bd3 Bc5 24. Bxe4 dxe4 25. Kg2 Qd5 {[#] Strongly threatening ...e3+.} 26. Kg3 (26. Qa2 $11) 26... Rfd8 {[%cal Rc5d4]} 27. Ra4 h6 28. h4 Rdc8 29. Re1 (29. g5 $17 {was necessary.}) 29... Ra8 30. Rxa8 Qxa8 (30... Rxa8 $142 31. Re2 Ra3) 31. Qe3 $2 {[%mdl 8192]} (31. Re3 $17) 31... Qa3 $19 32. Kg2 Bxd4 33. cxd4 {[%mdl 4096] Endgame KQR-KQR} Rc2+ 34. Kf1 Rc3 35. Qxe4 Rf3+ 36. Ke2 Rh3 {( -> ...Rh2+)} 37. Rb1 $2 (37. Kf1 $19 Rxh4 38. Qe3) 37... Qa2+ (37... Rh2+ $142 38. Kd1 g6 39. Qe2 Qa4+ {[%mdl 64] Double Attack} 40. Ke1 Rxe2+ 41. Kxe2 Qc2+ 42. Ke3 Qxb1 43. h5 Qg1+ 44. Kf3 Qxd4 45. Ke2 Qxf4 46. hxg6 fxg6 47. Kd3 Qxg4 48. Kc3 h5 49. Kd2 h4 50. Kd3 h3 51. Kc3 h2 52. Kd2 h1=Q 53. Kd3 Qhd1+ 54. Ke3 Qgf3#) 38. Kf1 {[#]} Qxb1+ $1 {[%mdl 512]} 39. Qxb1 {Accuracy: White = 37%, Black = 64%.} 0-1

[Event "Portugal Open 2019"]
[Site "Lisbon"]
[Date "2019.02.02"]
[Round "1.23"]
[White "Thorhallsson, Throstur"]
[Black "Candeias, Humberto"]
[Result "1-0"]
[WhiteElo "2425"]
[BlackElo "1932"]
[Annotator "TA"]
[PlyCount "58"]
[EventDate "2019.01.25"]
[EventType "swiss"]
[EventCountry "POR"]
[SourceTitle "playchess.com"]
[Source "ChessBase"]
[SourceQuality "1"]

{[%evp 21,58,0,3,12,46,8,166,177,181,176,189,176,239,222,532,303,307,291,593,565,563,565,692,674,650,368,678,422,668,661,739,757,704,685,1189,1153,2593,2512,29995]} 1. e4 e5 2. Nf3 Nc6 3. Bc4 Nf6 $146 (3... Bc5 4. d3 {½-½ (72) Onischuk,V (2623)-Matlakov,M (2683) Bastia 2018}) ({Predecessor:} 3... Bc5 4. c3 Nf6 {½-½ (29) Savic,M (2505)-Abramovic,B (2431) Paracin 2015}) 4. d3 Bc5 5. c3 (5. O-O d6 6. c3 a6 7. Bb3 Ba7 8. Nbd2 O-O 9. h3 h6 10. Re1 Re8 11. Nf1 Be6 {½-½ (72) Onischuk,V (2623)-Matlakov,M (2683) Bastia 2018}) 5... d6 ({Predecessor:} 5... O-O 6. O-O d6 7. Bb3 a6 8. h3 Ba7 9. Re1 Re8 10. Nbd2 Be6 11. Nf1 h6 {½-½ (29) Savic,M (2505)-Abramovic,B (2431) Paracin 2015}) 6. h3 a6 7. Bb3 h6 8. O-O O-O 9. Re1 Be6 10. Bc2 Ba7 11. Nbd2 Re8 12. Nf1 {C54: Giuoco Piano: 4 c3 Nf6, main lines with 5 d4 and 5 d3} Qd7 (12... d5 13. exd5 Bxd5 14. Ng3 Qd6 15. Qe2 Rad8 16. Ne4 Qe6 17. b3 Ne7 18. Nh4 Bc6 19. Bd2 Nxe4 20. dxe4 {½-½ (72) Onischuk,V (2623)-Matlakov,M (2683) Bastia 2018}) 13. Be3 Bxh3 $2 (13... Bxe3 $11 {and Black is okay.} 14. Nxe3 d5) ({Predecessor:} 13... Bxe3 14. Nxe3 Rad8 15. d4 exd4 16. Nxd4 d5 17. exd5 Nxd4 18. Qxd4 Bxd5 19. Nxd5 Qxd5 20. Rxe8+ Rxe8 21. Qxd5 Nxd5 {½-½ (29) Savic,M (2505)-Abramovic,B (2431) Paracin 2015}) 14. gxh3 {White is clearly better.} Qxh3 15. N3h2 Re6 16. Qf3 Qh4 (16... Qxf3 {was called for.} 17. Nxf3 Nh5) 17. Bxa7 Nh5 $2 (17... Rxa7 18. Bb3 Re8) 18. Bd1 Rg6+ {[#]} 19. Kh1 $1 Nxa7 $2 ({Don't play} 19... Rxa7 20. Qxh5 Qxf2 21. Bg4 $18) (19... Qg5 {is tougher.} 20. Ne3 Nf4) 20. Qxh5 $18 Qxf2 {[%csl Gg6][%cal Rf2g2]} 21. Bg4 Rg5 22. Qh3 h5 23. Qf3 Qxb2 $2 (23... Qb6 24. Ne3 hxg4 25. Nhxg4 Qxb2) 24. Bh3 {White is clearly winning.} Nc6 (24... Nb5 $142 25. Ne3 Qxc3) 25. Ne3 Qxc3 26. Nd5 {[%mdl 64] [#] Double Attack} Qb2 27. Rg1 Nd4 28. Qe3 Rxg1+ 29. Rxg1 Re8 {Accuracy: White = 61%, Black =  5%.} 1-0

[Event "Portugal Open 2019"]
[Site "Lisbon"]
[Date "2019.02.02"]
[Round "1.24"]
[White "Moretti, Filippo"]
[Black "Campora, Daniel H."]
[Result "0-1"]
[WhiteElo "1928"]
[BlackElo "2419"]
[Annotator "TA"]
[PlyCount "58"]
[EventDate "2019.01.25"]
[EventType "swiss"]
[EventCountry "POR"]
[SourceTitle "playchess.com"]
[Source "ChessBase"]
[SourceQuality "1"]

{[%evp 10,58,31,25,20,5,16,7,30,12,15,-9,0,-7,-4,-76,-77,-78,-73,-118,6,0,79,-97,-107,-103,-103,-423,-422,-457,-455,-454,-443,-421,-419,-737,-750,-750,-748,-729,-830,-819,-810,-802,-793,-872,-770,-1697,-1642,-1642,-1577]} 1. e4 e5 2. Nf3 Nc6 3. d4 exd4 4. Nxd4 Bb4+ 5. c3 Bc5 6. Be3 Bb6 {C45: Scotch Game} 7. Nd2 (7. Nf5 Bxe3 8. Nxe3 d6 9. g3 Nge7 10. Bg2 O-O 11. O-O Kh8 12. Nd2 f5 13. f4 fxe4 14. Nxe4 Nf5 15. Re1 {1-0 (51) Matlakov,M (2700)-Postny,E (2615) St Petersburg 2018}) 7... Nf6 8. Bd3 Ne5 {The position is equal.} 9. Qe2 $146 (9. Bc2 {is more complex.} O-O 10. O-O d5 11. Bg5 h6 12. Bxf6 Qxf6 13. exd5 Bg4 14. f3) ({Predecessor:} 9. Be2 d6 10. h3 Ng6 11. O-O O-O 12. a4 Re8 13. a5 Bxd4 14. Bxd4 Nxe4 15. Nxe4 Rxe4 {½-½ (60) Denisov,L (2334)-Gutov,A (2412) Kemerovo 2012}) 9... O-O 10. O-O Re8 11. Bc2 d5 12. f4 (12. h3 $11) 12... Neg4 $1 $17 13. e5 c5 $1 14. N4b3 Nxe3 (14... d4 $1 $17 15. Bf2 Nxf2 16. Rxf2 Ng4) 15. Qxe3 $11 d4 {[#]} (15... Ng4 $11 16. Qg3 Nh6) 16. cxd4 $2 (16. Qg3 $1 $16 {is forced if you want to stay better.}) 16... cxd4 $17 17. Qd3 {[#]} g6 $1 $36 {[%mdl 2048] ...Bf5 is the strong threat. White is under strong pressure.} 18. exf6 $2 {[%mdl 8192]} (18. Bb1 $17 {is a better chance.} Bf5 19. Qg3 d3+ 20. Kh1) 18... Bf5 $19 19. Qg3 {Black must now prevent Bxf5.} d3+ {[%mdl 64] Discovered Attack} (19... Bxc2 $2 20. Qh4 $19) 20. Kh1 dxc2 21. Nf3 Qxf6 22. Nh4 (22. Ne5 $142) 22... Re3 {Black is clearly winning.} 23. Qg5 Qxg5 24. fxg5 Bd3 25. Rfc1 Rd8 26. Nf3 Re2 27. Re1 Be3 28. Ne5 Rxe1+ 29. Rxe1 {[#]} Be2 $1 {[%mdl 512] Accuracy: White = 25%, Black = 76%.} 0-1

[Event "Portugal Open 2019"]
[Site "Lisbon"]
[Date "2019.02.02"]
[Round "1.25"]
[White "Alshameary Puente, Ismael"]
[Black "Woithe, Daniel"]
[Result "1-0"]
[WhiteElo "2418"]
[BlackElo "1921"]
[Annotator "TA"]
[PlyCount "89"]
[EventDate "2019.01.25"]
[EventType "swiss"]
[EventCountry "POR"]
[SourceTitle "playchess.com"]
[Source "ChessBase"]
[SourceQuality "1"]

{[%evp 26,89,19,20,50,24,50,52,88,84,123,130,170,172,216,223,245,239,280,269,271,277,287,257,293,283,278,0,293,291,263,262,270,264,327,263,343,338,379,355,316,234,342,256,262,0,353,336,321,333,553,542,578,534,552,552,512,537,504,511,489,400,370,363,435,425]} 1. d4 (1. Nf3 Nf6 2. c4 e6 3. Nc3 d5 4. d4 Nbd7 5. Bg5 Be7 6. e3 O-O 7. cxd5 exd5 8. Bd3 {½-½ (22) Stojanovic,M (2572)-Chernuschevich,A (2505) Switzerland 2011}) 1... d5 $146 ({Predecessor:} 1... Nf6 2. c4 e6 3. Nc3 {1-0 (38) Stobik,D (2310)-Umlauft,W Wuerttemberg 1993}) 2. c4 e6 3. Nc3 Nf6 4. cxd5 ({Predecessor:} 4. Bg5 Nbd7 5. e3 c6 6. cxd5 exd5 7. Bd3 {1-0 (38) Stobik,D (2310)-Umlauft,W Wuerttemberg 1993}) 4... exd5 5. Bg5 Be7 6. e3 c6 7. Bd3 Nbd7 8. Nf3 ({Predecessor:} 8. Qc2 O-O {1-0 (38) Stobik,D (2310)-Umlauft,W Wuerttemberg 1993}) 8... O-O 9. Qc2 Re8 10. O-O (10. h3 Nf8 {½-½ (22) Stojanovic,M (2572)-Chernuschevich,A (2505) Switzerland 2011}) 10... Nf8 11. h3 Ng6 12. Bxf6 Bxf6 13. b4 a6 14. a4 {[%cal Ba2a4,Ba4b5][%mdl 32]} Be6 {D36: Queen's Gambit Declined: Exchange Variation: Main line (5 Bg5 c6 6 Qc2)} 15. b5 axb5 (15... cxb5 16. axb5 a5 17. b6 Be7 18. Bb5 Rf8 19. Na4 Rc8 20. Qb3 Bb4 21. Rfc1 Qd6 22. Qd1 {½-½ (22) Stojanovic,M (2572)-Chernuschevich,A (2505) Switzerland 2011}) 16. axb5 Qd7 {White is slightly better.} 17. Na4 Bxh3 {[#] And now ...Qg4 would win.} 18. Nh2 $1 {aiming for Nb6.} Rxa4 ({Don't blunder} 18... cxb5 $2 19. Nc5 $18) ({Predecessor:} 18... Bxg2 19. Nb6 Qh3 20. Bf5 Rxa1 21. Bxh3 Bxf1 22. Nxf1 {1-0 (38) Stobik,D (2310)-Umlauft,W Wuerttemberg 1993}) 19. Rxa4 Be6 20. bxc6 bxc6 21. Ra6 Ne7 22. Bxh7+ Kh8 {intending ...g6.} 23. Bd3 g6 24. Rb1 Kg7 25. Qc5 Bf5 26. Qc2 $2 (26. Bc2 $18) 26... Bxd3 $4 {[%mdl 8192]} (26... Be6 $1 $11 27. Qc5 Rd8) 27. Qxd3 $18 Rh8 28. Qc2 Qd6 29. Nf1 Qe6 30. Qd1 Bh4 31. Qf3 Rh5 32. g3 Bf6 33. Nd2 Qh3 (33... Rh3 {was worth a try.}) 34. Qg2 Qg4 35. Qf3 Qh3 36. Rb7 Qh2+ 37. Kf1 Rf5 $2 (37... Qh3+ 38. Qg2 Qg4) 38. Qg2 Qh6 {[#] Strongly threatening ...Qxe3.} 39. Nf3 Rh5 40. g4 Rh1+ 41. Ke2 g5 42. Raa7 Qh7 43. Nd2 ({Inferior is} 43. Rxe7 Bxe7 44. Rxe7 Qc2+ 45. Nd2 Qc1 $11) 43... Rc1 {next ...Qc2 is good for Black.} 44. e4 {Black must now prevent Qf3.} ({Stronger than} 44. Rxe7 Bxe7 45. Rxe7 Qc2 $11) 44... Rc3 45. Rxe7 {Accuracy: White = 67%, Black = 29%.} 1-0